| 000 | 01002nam a2200229Ia 4500 | ||
|---|---|---|---|
| 003 | OSt | ||
| 005 | 20220923220517.0 | ||
| 006 | a|||||r|||| 00| 0 | ||
| 007 | ta | ||
| 008 | 220922b |||||||| |||| 00| 0 hin d | ||
| 024 | _a187,246 | ||
| 037 | _cTextual | ||
| 040 |
_aARTS _cARTS _bhin |
||
| 041 |
_2hin _ahin |
||
| 082 | _aWv1.I69<-C71, 152L7 (TTR) | ||
| 100 | _aफोस्टर, माइकेल बी | ||
| 245 | 0 | _aराजनीतिक चिंतन के आचार्य, संपा एडर्वड मैकचेस्ठी सेट , अनु ओमप्रकाश गांबा | |
| 246 | _aRājanītik chiantan ke āchārya, sanpā0 eḍarvaḍ maikachesṭhī seṭ , anu0 omaprakāsh gāanbā | ||
| 260 |
_aदिल्ली _b विश्वविद्यालय प्रकाशन _c1977 |
||
| 942 |
_hWv1.I69<-C71, 152L7 (TTR) _cTEXL _2CC |
||
| 999 |
_c340323 _d340323 |
||